[Event "8th Dubai Open"]
[Site "Dubai UAE"]
[Date "2006.04.29"]
[Round "7"]
[White "Abbasov,F"]
[Black "Bente,B"]
[Result "1-0"]
[WhiteElo "2467"]
[BlackElo "2240"]

1.d4 Nf6 2.Nf3 g6 3.c4 Bg7 4.Nc3 O-O 5.e4 d6 6.Be2 e5 7.O-O Na6 8.Re1 c6
9.a3 exd4 10.Nxd4 Nc5 11.Bf1 Re8 12.f3 d5 13.cxd5 Nxd5 14.exd5 Rxe1 15.Qxe1 Bxd4+
16.Be3 Bxe3+ 17.Qxe3 Qb6 18.Re1 Bd7 19.Qf2 Re8 20.Rd1 Nb3 21.Qxb6 axb6 22.Bc4 Nc5
23.dxc6 Bxc6 24.Nd5 Bxd5 25.Bxd5 Re7 26.Bc4 Rc7 27.Bf1 Kf8 28.Rd4 Ke7 29.Kf2 Rd7
30.Rxd7+ Nxd7 31.Ke3 Kd6 32.Kd4 f6 33.h4 h6 34.Bd3 g5 35.h5 Nc5 36.Bf5 Nb3+
37.Kc4 Nc5 38.Bc8 Ke5 39.Kb5 Kf4 40.b4 Na6 41.Bxb7 Nc7+ 42.Kxb6  1-0

[Event "2nd Halkidiki Open"]
[Site "Kalithea GRE"]
[Date "2006.04.29"]
[Round "6"]
[White "Nikolaidis,I"]
[Black "Georgiev,Kr"]
[Result "1/2-1/2"]
[WhiteElo "2518"]
[BlackElo "2482"]

1.d4 Nf6 2.c4 g6 3.Nc3 Bg7 4.e4 d6 5.Be2 O-O 6.Nf3 e5 7.d5 a5 8.Be3 Na6 9.Nd2 Nd7
10.O-O f5 11.exf5 gxf5 12.f4 exf4 13.Bxf4 Ne5 14.Nf3 Nc5 15.Qd2 Bd7 16.Rae1 Qf6
17.Bg5 Nxf3+ 18.Rxf3 Qd4+ 19.Qxd4 Bxd4+ 20.Be3 Be5 21.Rff1  1/2-1/2

[Event "2nd Halkidiki Open"]
[Site "Kalithea GRE"]
[Date "2006.04.29"]
[Round "7"]
[White "Petritaj,F"]
[Black "Itkis,B"]
[Result "0-1"]
[WhiteElo "2141"]
[BlackElo "2490"]

1.d4 Nf6 2.c4 g6 3.Nc3 Bg7 4.e4 d6 5.Nf3 O-O 6.Be2 Nbd7 7.O-O e5 8.d5 Nc5
9.Qc2 a5 10.a3 a4 11.Be3 Nb3 12.Rad1 Bd7 13.h3 b6 14.Rfe1 Nh5 15.Bf1 f5 16.exf5 gxf5
17.Ng5 Nd4 18.Qb1 h6 19.Ne6 Nxe6 20.dxe6 Bxe6 21.Nd5 Nf6 22.Qc2 Nd7 23.Qd2 Kh7
24.f4 Nc5 25.fxe5 dxe5 26.Bxc5 bxc5 27.Qf2 Ra5 28.Nf4 Qe8 29.Rd8 Qxd8 30.Nxe6 Qe7
31.Nxf8+ Qxf8 32.Kh1 e4 33.Qf4 Ra8 34.g4 Re8 35.gxf5 Qd6 36.Qg4 e3 37.Bg2 Bd4
38.Bd5 Qf6 39.Re2 c6 40.Qg6+ Qxg6 41.fxg6+ Kxg6 42.Bxc6 Re5 43.Bxa4 Bxb2
44.Bc2+ Kg5 45.a4 Bc3 46.Kg2 Kf4 47.Bd1 Bd2 48.Kf1 Ke4 49.Rg2 Rf5+ 50.Ke2 Kd4
51.Bc2 Rf8 52.Bd3 Kc3 53.a5 Ra8 54.Rg6 Rxa5 55.Rd6 Ra8 56.Rxh6 Rd8 57.Ra6 Rf8
58.Rd6 Rf2+ 59.Kd1 Rh2 60.Bf1 e2+ 61.Bxe2 Rh1+ 62.Bf1 Rxf1+ 63.Ke2 Re1+ 64.Kf2 Re4
65.Rd5 Rxc4  0-1

[Event "XI Ivan Cvitanovic mem"]
[Site "Split CRO"]
[Date "2006.04.29"]
[Round "1"]
[White "Polak,T"]
[Black "Ljubicic,F"]
[Result "1/2-1/2"]
[WhiteElo "2487"]
[BlackElo "2396"]

1.d4 Nf6 2.c4 g6 3.Nc3 Bg7 4.e4 d6 5.Nf3 O-O 6.Be2 e5 7.O-O Na6 8.Be3 c6
9.d5 Ng4 10.Bg5 f6 11.Bd2 c5 12.Ne1 Nh6 13.Qc1 Nf7 14.Nd3 f5 15.f4 Nb4 16.Nf2 exf4
17.a3 Na6 18.exf5 g5 19.g4 fxg3 20.Nfe4 Bd4+ 21.Kh1 h6 22.hxg3 Nc7 23.g4 Ne8
24.Qc2 Bd7 25.f6 Ne5  1/2-1/2

[Event "RC SPORT Open"]
[Site "Usti nad Orlici CZE"]
[Date "2006.04.30"]
[Round "2"]
[White "Silar,L"]
[Black "Karlik,V"]
[Result "1/2-1/2"]
[WhiteElo "2127"]
[BlackElo "2293"]

1.d4 Nf6 2.Nf3 g6 3.c4 Bg7 4.Nc3 O-O 5.e4 d6 6.Be2 Nbd7 7.O-O e5 8.dxe5 dxe5
9.Bg5 h6 10.Bh4 c6 11.Qc2 g5 12.Bg3 Nh5 13.Rfe1 Nf4 14.Bf1 Qf6 15.Nd2 Re8
16.f3 Nf8 17.Nb3 h5 18.Nd1 N8g6 19.Ne3 g4 20.fxg4 hxg4 21.Qf2 Qg5 22.Rad1 Bf6
23.Nc1 Be7 24.a3 a5 25.Kh1 a4 26.Nd3 Nxd3 27.Bxd3 Bc5 28.Qd2 Nf4 29.Bxf4 exf4
30.Nf5 Bxf5 31.exf5 Be3 32.Qe2 Kg7 33.Bc2 Qh4 34.f6+ Kxf6 35.Qd3 Ra5 36.Rxe3 Rxe3
37.Qd8+ Re7 38.Qxa5 Kg7 39.Qc3+  1/2-1/2

[Event "Master Open"]
[Site "Cutro ITA"]
[Date "2006.05.01"]
[Round "9"]
[White "Brancaleoni,M"]
[Black "Cordi',D"]
[Result "0-1"]
[WhiteElo "2286"]
[BlackElo "2065"]

1.Nf3 Nf6 2.c4 g6 3.Nc3 Bg7 4.e4 d6 5.d4 O-O 6.Be2 e5 7.Be3 Nc6 8.d5 Ne7
9.Nd2 c5 10.a3 Ne8 11.b4 f5 12.f3 f4 13.Bf2 b6 14.Bd3 g5 15.Bc2 Nf6 16.Ba4 g4
17.Rb1 gxf3 18.gxf3 Bd7 19.Ke2 Kh8 20.bxc5 dxc5 21.Bxd7 Qxd7 22.a4 Ne8 23.a5 Rf6
24.Qa4 Qxa4 25.Nxa4 Nc8 26.Rhc1 Rh6 27.Bg1 Bf8 28.Rc2 Be7 29.Rcb2 Bd8 30.Kf1 Ned6
31.Nc3 Nb7 32.a6 Nbd6 33.Rc2 Bh4 34.Rbb2 Rg6 35.Nb5 Nxb5 36.cxb5 Nd6 37.Bf2 Bxf2
38.Kxf2 Rag8 39.Ke2 Rg2+ 40.Kd3 Rf2 41.Nc4 Rxf3+ 42.Ke2 Nxc4 43.Kxf3 Nxb2
44.Rxb2 Kg7 45.Kg4 Kf6+ 46.Kh5 Ke7 47.Kh6 Rg1 48.h4 Re1 49.Rg2 Rxe4 50.Rg7+ Kd6
51.Rxa7 f3 52.Rf7 Rxh4+ 53.Kg5 Ra4 54.Rf6+ Kxd5 55.Rxb6 Ra5 56.Rb7 f2 57.Rd7+ Kc4
58.Rf7 Kxb5 59.Rxf2 c4 60.Rb2+ Kc5 61.Kf5 c3 62.Rb8 Kd4 63.Rd8+ Ke3 64.Rc8 e4+
65.Kg4 h5+ 66.Kg3 h4+ 67.Kxh4 Kd2 68.Rd8+ Kc1 69.Ra8 c2 70.Kg3 Kd2 71.Rd8+ Ke3
72.Rc8 Rxa6 73.Rxc2 Rg6+ 74.Kh2 Kf3 75.Kh1 e3 76.Rg2 Ra6 77.Kg1 e2  0-1

[Event "VI Mario Covas"]
[Site "Santos BRA"]
[Date "2006.05.01"]
[Round "3"]
[White "Coelho,L"]
[Black "Milos,G"]
[Result "1-0"]
[WhiteElo "2394"]
[BlackElo "2589"]

1.d4 Nf6 2.c4 g6 3.Nc3 Bg7 4.e4 d6 5.Nf3 O-O 6.Be2 e5 7.Be3 Ng4 8.Bg5 f6
9.Bc1 exd4 10.Nxd4 f5 11.h3 Ne5 12.exf5 gxf5 13.Nd5 Na6 14.Be3 Nc5 15.Qc2 Ng6
16.g3 c6 17.Nf4 Nxf4 18.gxf4 Qa5+ 19.Bd2 Qc7 20.Rg1 Ne4 21.Be3 Qa5+ 22.Kf1 Kh8
23.Kg2 c5 24.Nb3 Qc7 25.Nd2 Be6 26.Nxe4 fxe4 27.Bg4 Qf7 28.Rad1 Rad8 29.b3 Rfe8
30.Kh2 b6 31.Qe2 h6 32.Rd2 Kh7 33.Bh5 Qf5 34.Qg4 Qxg4 35.hxg4 Re7 36.Rgd1 Red7
37.f5 Bf7 38.Bxf7 Rxf7 39.Kg2 Rg8 40.f3 Bf8 41.fxe4 Rxg4+ 42.Kf3 Rh4 43.Bf4 Rg7
44.Rh2 Rxh2 45.Bxh2 h5 46.Bxd6 Bxd6 47.Rxd6 h4 48.Rd1 Kh6 49.e5 Rh7 50.Kg4 h3
51.Rd6+  1-0

[Event "VI Mario Covas"]
[Site "Santos BRA"]
[Date "2006.05.01"]
[Round "3"]
[White "Lafuente,P"]
[Black "Matsuura,E"]
[Result "1-0"]
[WhiteElo "2405"]
[BlackElo "2473"]

1.d4 Nf6 2.c4 g6 3.Nc3 Bg7 4.e4 d6 5.Nf3 O-O 6.Be2 e5 7.Be3 Na6 8.O-O Ng4
9.Bg5 Qe8 10.h3 h6 11.Bc1 Nf6 12.dxe5 dxe5 13.Be3 Qe7 14.Nd5 Qd8 15.Qc1 Kh7
16.Rd1 Nd7 17.c5 c6 18.Bxa6 bxa6 19.Nb4 Qc7 20.Rd6 Bb7 21.Qc4 a5 22.Rad1 Nf6
23.Nd3 Ne8 24.Ndxe5 Nxd6 25.cxd6 Qd8 26.d7 f6 27.Nf7 Qe7 28.d8=Q Raxd8 29.Nxd8 Rxd8
30.Rxd8 Qxd8 31.Qf7 Bc8 32.Nh4 Qd1+ 33.Kh2 Qd6+ 34.g3 f5 35.exf5 g5 36.Nf3 c5
37.Bxg5 hxg5 38.Nxg5+ Kh8 39.Qe8+  1-0

[Event "RC SPORT Open"]
[Site "Usti nad Orlici CZE"]
[Date "2006.05.01"]
[Round "4"]
[White "Danes,J"]
[Black "Karlik,V"]
[Result "1/2-1/2"]
[WhiteElo "2152"]
[BlackElo "2293"]

1.d4 Nf6 2.c4 g6 3.Nc3 Bg7 4.e4 d6 5.Nf3 O-O 6.Be2 Na6 7.O-O e5 8.d5 Nc5
9.Qc2 a5 10.Bg5 h6 11.Bh4 g5 12.Bg3 Nh5 13.Ne1 Nf4 14.Nd3 b6 15.Nxc5 bxc5
16.Bd1 Rb8 17.Qd2 f5 18.b3 Ra8 19.f3 Nh5 20.Bf2 f4 21.Be2 Nf6 22.Rfb1 h5
23.a3 Nh7 24.b4 axb4 25.axb4 Rxa1 26.Rxa1 cxb4 27.Nb5 g4 28.Qxb4 Ng5 29.c5 gxf3
30.Bxf3 Bg4  1/2-1/2

[Event "RC SPORT Open"]
[Site "Usti nad Orlici CZE"]
[Date "2006.05.01"]
[Round "4"]
[White "Kantorik,M"]
[Black "Likavsky,T"]
[Result "0-1"]
[WhiteElo "2286"]
[BlackElo "2492"]

1.d4 Nf6 2.c4 d6 3.Nc3 Nbd7 4.e4 e5 5.Nf3 g6 6.Be2 Bg7 7.O-O O-O 8.h3 exd4
9.Nxd4 Re8 10.Bf3 Ne5 11.Be2 Nc6 12.Nxc6 bxc6 13.Bf3 Nd7 14.Be3 Ne5 15.Be2 Be6
16.Qa4 Rb8 17.b3 c5 18.Rac1 Qc8 19.Nd5 Bxh3 20.Qxa7 Rb7 21.Qa6 Bd7 22.b4 Qb8
23.Qa3 cxb4 24.Qb3 c6 25.Nf4 c5 26.Rfd1 Ra7 27.Rd2 Nc6 28.Bf3 Nd4 29.Qd1 Ba4
30.Qf1 Bc6 31.Nd3 Nxf3+ 32.gxf3 f5 33.exf5 gxf5 34.Qh3 Be5 35.f4 Rg7+ 36.Kf1 Bxf4
37.Bxf4 Qa8 38.Qxf5 Bf3 39.Bg3 Be4 40.Qh3 Qa3 41.Rdd1 Bf3 42.Re1 Re4 43.Bxd6 Rxe1+  0-1

[Event "4th TCh-SCG"]
[Site "Vrnjacka Banja SCG"]
[Date "2006.05.01"]
[Round "1"]
[White "Vajdic,N"]
[Black "Arsovic,G"]
[Result "0-1"]
[WhiteElo "2265"]
[BlackElo "2459"]

1.d4 Nf6 2.Nf3 g6 3.c4 Bg7 4.Nc3 d6 5.e4 O-O 6.Be2 e5 7.O-O Na6 8.d5 Nc5
9.Qc2 a5 10.Bg5 h6 11.Be3 Nh5 12.g3 Bh3 13.Rfe1 b6 14.Nd2 Nf6 15.f3 Nh7 16.Bf1 Bd7
17.Bg2 f5 18.exf5 gxf5 19.f4 Nf6 20.Bh3 e4 21.Ne2 Qe8 22.Nd4 Qh5 23.Kg2 Qg6
24.Nf1 h5 25.Kh1 Rae8 26.Re2 Nd3 27.b3 Ng4 28.Bxg4 hxg4 29.Rb1 Bf6 30.Qd2 Qg7
31.Nc2 a4 32.Rg2 axb3 33.Rxb3 Ba4 34.Ra3 Bxc2 35.Qxc2 Ne1 36.Qa4 Nxg2 37.Kxg2 Bb2
38.Rb3 Ra8 39.Qc6 Rxa2 40.Kh1 Ra1 41.Kg1 Bd4 42.Kf2 Rfa8  0-1

[Event "Open B"]
[Site "Djakovo CRO"]
[Date "2006.05.02"]
[Round "4"]
[White "Trtanj,T"]
[Black "Grobelsek,A"]
[Result "1-0"]
[WhiteElo "2164"]
[BlackElo "2113"]

1.d4 Nf6 2.Nf3 g6 3.c4 Bg7 4.Nc3 O-O 5.e4 d6 6.Be2 e5 7.Be3 Na6 8.d5 Nh5
9.Qd2 Qe8 10.Ng5 Nf4 11.Bxf4 exf4 12.Qxf4 f5 13.O-O h6 14.Ne6 Bxe6 15.dxe6 Qxe6
16.exf5 Bxc3 17.fxe6 Rxf4 18.bxc3 Re8 19.Bf3 Nc5 20.Rfe1 Rxc4 21.Re3 c6 22.e7 Kf7
23.Rae1 d5 24.g3 Na4 25.Bd1 Nxc3 26.Bb3 Rc5 27.h4 Kg7 28.Re5 Ne4 29.R1xe4 dxe4
30.Rxc5 Rxe7 31.Rc3 Kf6 32.Kf1 Ke5 33.Ke2 Kd6 34.Re3 c5 35.f3 exf3+ 36.Kxf3 Rxe3+
37.Kxe3 Ke5 38.a4 b6 39.Bc4 g5 40.hxg5 hxg5 41.g4 a5 42.Bg8 Kd6 43.Ke4 Kc6
44.Bc4 Kd7 45.Kf5 Kd6 46.Kxg5 Ke5 47.Kh6 Kd4 48.Be6 c4 49.g5 Kd3 50.g6 c3
51.g7 c2 52.Bf5+ Kc3 53.Bxc2  1-0

[Event "RC SPORT Open"]
[Site "Usti nad Orlici CZE"]
[Date "2006.05.02"]
[Round "5"]
[White "Likavsky,T"]
[Black "Ganaus,H"]
[Result "1-0"]
[WhiteElo "2492"]
[BlackElo "2309"]

1.d4 Nf6 2.c4 g6 3.Nc3 Bg7 4.e4 d6 5.Nf3 O-O 6.Be2 e5 7.O-O Na6 8.Rb1 Re8
9.d5 Nc5 10.Nd2 a5 11.b3 Bh6 12.Qc2 Rf8 13.a3 Nfd7 14.b4 Na6 15.Na4 axb4
16.axb4 f5 17.c5 Nf6 18.cxd6 cxd6 19.b5 Nc5 20.Nxc5 dxc5 21.Bd3 b6 22.exf5 Nxd5
23.fxg6 Nf4 24.gxh7+ Kh8 25.Be4 Ne2+ 26.Kh1 Nd4 27.Qd3 Bg4 28.f3 Bd7 29.Nc4 Bxc1
30.Rfxc1 Bxb5 31.Bxa8 Qxa8 32.Rxb5 Nxb5 33.Nxe5  1-0

[Event "WSB Masters"]
[Site "Wroclaw POL"]
[Date "2006.05.02"]
[Round "10"]
[White "Cherednichenko,S"]
[Black "Mikrut,D"]
[Result "1/2-1/2"]
[WhiteElo "2238"]
[BlackElo "2415"]

1.d4 Nf6 2.c4 g6 3.Nc3 Bg7 4.e4 d6 5.Nf3 O-O 6.Be2 Nbd7 7.O-O e5 8.Qc2 Nh5
9.Rd1 Nf4 10.dxe5 Nxe2+ 11.Nxe2 dxe5 12.b3 Re8 13.Bb2 Qe7 14.Nc3 c6 15.a4 f6
16.a5 Nf8 17.Ba3 Qf7 18.Rd6 Ne6 19.a6 bxa6 20.Rxc6 Qb7 21.Rd6 Rb8 22.b4 Nd4
23.Qa4 Be6  1/2-1/2

[Event "RC SPORT Open"]
[Site "Usti nad Orlici CZE"]
[Date "2006.05.04"]
[Round "7"]
[White "Danes,J"]
[Black "Haba,Z"]
[Result "1/2-1/2"]
[WhiteElo "2152"]
[BlackElo "2237"]

1.d4 Nf6 2.c4 g6 3.Nc3 Bg7 4.e4 d6 5.Nf3 O-O 6.Be2 e5 7.d5 Nbd7 8.Bg5 h6
9.Bh4 g5 10.Bg3 Nc5 11.Nd2 a5 12.O-O Bd7 13.b3 Nh7 14.a3 f5 15.f3 f4 16.Bf2 h5
17.b4 axb4 18.axb4 Rxa1 19.Qxa1 Na6 20.c5 Nxb4 21.cxd6 cxd6 22.Rb1 Nc2 23.Qa7 Bc8
24.Nc4 g4 25.Nb5 gxf3 26.Bxf3 Ng5 27.Nbxd6 Nxf3+ 28.gxf3 Ne3 29.Kh1 Nxc4
30.Nxc4 b5 31.Rxb5 Bh3 32.Rb1 Kh8 33.Rg1 Qf6  1/2-1/2

[Event "President's Cup"]
[Site "Baku AZE"]
[Date "2006.05.05"]
[Round "2"]
[White "Kadimova,I"]
[Black "Mamedov,Nid"]
[Result "0-1"]
[WhiteElo "2310"]
[BlackElo "2519"]

1.d4 Nf6 2.c4 g6 3.Nc3 Bg7 4.e4 d6 5.Be2 O-O 6.Nf3 e5 7.Be3 c6 8.d5 Ng4 9.Bg5 f6
10.Bh4 h5 11.Nd2 Nh6 12.f3 Na6 13.Rb1 c5 14.a3 Nf7 15.b4 Bh6 16.Nf1 Ng5 17.Bf2 f5
18.Bd3 h4 19.h3 b6 20.Qe2 Kg7 21.Ne3 Nc7 22.Kd1 fxe4 23.Nxe4 Nxe4 24.Bxe4 Bf5
25.Ng4 Bg5 26.bxc5 bxc5 27.Qc2 Qd7 28.Ke2 Rab8 29.Ne3 Bxe4 30.fxe4 Rb6 31.Ng4 Na8
32.Nh2 Bf4 33.Bxh4 Rxb1 34.Qxb1 Qa4 35.Nf3 Qxc4+ 36.Kf2 Nb6 37.Be7 Rf7 38.Bxd6 Qc3
39.Re1 Nc4 40.Bxc5 Nd2 41.Qb4 Qd3 42.Re2 Nxf3 43.gxf3 Bg3+ 44.Kxg3 Qxe2  0-1

[Event "Open B"]
[Site "Djakovo CRO"]
[Date "2006.05.05"]
[Round "8"]
[White "Perisic,Ro"]
[Black "Kroo,I"]
[Result "0-1"]
[WhiteElo "2184"]
[BlackElo "1866"]

1.d4 Nf6 2.Nf3 d6 3.c4 Nbd7 4.Nc3 g6 5.e4 Bg7 6.Be2 O-O 7.O-O e5 8.dxe5 dxe5
9.Bg5 c6 10.Qd2 Qe7 11.Rfd1 Re8 12.Qd6 Bf8 13.Qxe7 Bxe7 14.Rd2 Kg7 15.Rad1 h6
16.Bxf6+ Nxf6 17.Nxe5 Bb4 18.f4 Bxc3 19.bxc3 Nxe4 20.Rd8 Be6 21.Rxa8 Rxa8
22.Bg4 Nxc3 23.Rd2 Ne4 24.Rd4 Bxg4 25.Nxg4 Nf6 26.Ne5 Re8 27.h4 h5 28.Kf2 Re7
29.Kf3 c5 30.Rd8 Rc7 31.a4 b6 32.Rd6 Ne8 33.Rd7 Rxd7 34.Nxd7 Nd6 35.a5 bxa5
36.Nxc5 Nxc4 37.g4 hxg4+ 38.Kxg4 Nb2 39.f5 a4 40.Ne4 Nd1 41.f6+ Kg8 42.h5 gxh5+
43.Kxh5 a3 44.Nc5 Ne3 45.Nb3 Nc2 46.Nc1 Nb4 47.Nb3 a2 48.Na1 Nd3 49.Kg5 Kh7
50.Kf5 a5 51.Ke4 Nc5+ 52.Kd5 Nd7 53.Kc6 Nxf6 54.Kb5 Ne4 55.Kxa5 f5 56.Kb4 f4
57.Kb3 f3 58.Kb2 f2  0-1

[Event "Geller Mem"]
[Site "Moscow RUS"]
[Date "2006.05.05"]
[Round "2"]
[White "Dvalishvili,P"]
[Black "Saulin,D"]
[Result "1/2-1/2"]
[WhiteElo "2455"]
[BlackElo "2471"]

1.d4 Nf6 2.c4 g6 3.Nc3 Bg7 4.e4 d6 5.Nf3 O-O 6.Be2 e5 7.dxe5 dxe5 8.Qxd8 Rxd8
9.Bg5 c6 10.Nxe5 Re8 11.O-O-O Na6 12.Rd6 Be6 13.Nf3 Nc5 14.Nd2 Nfd7 15.f4 Bf8
16.Rd4 Bg7 17.e5  1/2-1/2

[Event "President's Cup"]
[Site "Baku AZE"]
[Date "2006.05.09"]
[Round "6"]
[White "Belov,Vl"]
[Black "Guliev,L"]
[Result "1/2-1/2"]
[WhiteElo "2599"]
[BlackElo "2384"]

1.d4 Nf6 2.c4 g6 3.Nc3 Bg7 4.e4 d6 5.Nf3 O-O 6.Be2 e5 7.O-O Nbd7 8.Be3 Re8
9.d5 Ng4 10.Bd2 f5 11.Ng5 Nf8 12.exf5 gxf5 13.Bxg4 fxg4 14.f3 Bf5 15.fxg4 Bd3
16.Qf3 Bxf1 17.Rxf1 Re7 18.Nce4 Qe8 19.Qh3 Qg6 20.Rf5 a6 21.Nf3 Qe8 22.b3 b5
23.Nfg5 Qg6 24.Qf3 h6 25.Nh3 Nd7 26.Nhf2 Rf7 27.Nd1 Nf6 28.Nxf6+ Bxf6 29.Nc3 bxc4
30.bxc4 Raf8 31.Ne4 Bg5 32.Bxg5 Rxf5 33.gxf5 Rxf5 34.Qg4 hxg5 35.g3 Kg7 36.Kg2 a5
37.c5 dxc5 38.Nxc5 Rf7 39.Ne6+ Kh6 40.h4 gxh4 41.Qxh4+ Qh5 42.Qe4 Qf5 43.Qe2 e4
44.Qd2+ Kg6 45.Nf4+ Kh7 46.Qxa5 e3 47.Kf3 Qd3 48.d6 cxd6  1/2-1/2

[Event "Open"]
[Site "Salsomaggiore ITA"]
[Date "2006.05.13"]
[Round "3"]
[White "Guastadini,P"]
[Black "Sanzani,P"]
[Result "1-0"]
[WhiteElo "2056"]
[BlackElo "1895"]

1.Nf3 Nf6 2.c4 g6 3.Nc3 Bg7 4.d4 d6 5.e4 O-O 6.Be2 e5 7.d5 Nbd7 8.Be3 Nh5
9.Nd2 Nf4 10.Bf1 Nc5 11.Qc2 a5 12.b3 f5 13.h3 fxe4 14.Ndxe4 Nxe4 15.Nxe4 Bf5
16.g3 Nh5 17.Bg2 Qd7 18.Qd2 b6 19.Ng5 h6 20.Ne6 Bxe6 21.dxe6 Qe7  1-0

[Event "May Roses Cup"]
[Site "Bucharest ROM"]
[Date "2006.05.14"]
[Round "10"]
[White "Kruppa,Y"]
[Black "Jianu,V"]
[Result "1/2-1/2"]
[WhiteElo "2538"]
[BlackElo "2496"]

1.d4 Nf6 2.c4 g6 3.Nc3 Bg7 4.e4 O-O 5.Nf3 d6 6.Be2 e5 7.Be3 Na6 8.O-O Ng4
9.Bg5 Qe8 10.Re1 c6 11.d5 h6 12.Bc1 Qe7 13.g3 c5 14.Nh4 Nf6 15.a3 Nh7 16.Bg4 h5
17.Bxc8 Raxc8 18.Nb5 Ra8 19.Rb1 Rfd8 20.b4 Nf8 21.Qe2 Kh7 22.Bd2 Bh6 23.Bc3 Nd7
24.Ng2 Rdc8 25.f4 Nb6 26.Rbc1 cxb4 27.Bxb4 Nxb4 28.axb4 Nd7 29.c5 dxc5 30.d6 Qe6
31.Nc7 Rxc7 32.dxc7 Rc8 33.f5 Qb6 34.bxc5 Nxc5 35.Ne3 Bxe3+ 36.Qxe3 Nd3 37.fxg6+ Kxg6
38.Qxb6+ axb6 39.Kf1 f5 40.Rb1 Nxe1 41.Rxb6+ Kg5 42.Kxe1 Rxc7 43.Rb5 Re7
44.exf5 Kxf5 45.Ke2 Rc7 46.Kd3 Re7 47.Ke3 Rd7 48.Rb6 Rh7 49.h3 Rg7 50.g4+ hxg4
51.hxg4+ Kxg4  1/2-1/2

[Event "FSGM May"]
[Site "Budapest HUN"]
[Date "2006.05.14"]
[Round "9"]
[White "Gonda,L"]
[Black "Wittmann,W"]
[Result "1-0"]
[WhiteElo "2465"]
[BlackElo "2372"]

1.d4 Nf6 2.c4 g6 3.Nc3 Bg7 4.e4 d6 5.Be2 O-O 6.Nf3 e5 7.O-O Na6 8.Re1 c6
9.Bf1 exd4 10.Nxd4 Ng4 11.h3 Qb6 12.hxg4 Qxd4 13.g5 Qe5 14.Qf3 Qe7 15.Qg3 Be5
16.f4 Bg7 17.f5 Be5 18.Bf4 f6 19.gxf6 Rxf6 20.Rad1 Bd7 21.Na4 Raf8 22.c5 Bxf4
23.Qxf4 Nxc5 24.Nxc5 dxc5 25.Qc7 R6f7 26.Bc4 Qh4 27.Qxd7  1-0

[Event "Hollinberger Mem"]
[Site "Indianapolis USA"]
[Date "2006.05.14"]
[Round "4"]
[White "Stauffer,C"]
[Black "Cates,J"]
[Result "1-0"]
[WhiteElo "2156"]
[BlackElo "2134"]

1.d4 Nf6 2.c4 g6 3.Nc3 Bg7 4.e4 d6 5.Be2 O-O 6.Nf3 e5 7.O-O Na6 8.Re1 c6
9.h3 exd4 10.Nxd4 Re8 11.Bf1 Nc5 12.Qc2 Nfxe4 13.Nxe4 Bxd4 14.Bg5 Qd7 15.Nf6+ Bxf6
16.Bxf6 Re6 17.Bc3 Qe8 18.b4 Ne4 19.Bb2 d5 20.f3 Nd6 21.Qc3 f6 22.c5 Nc4
23.Bxc4 dxc4 24.Qxf6 Rxf6 25.Rxe8+ Rf8 26.Rae1 a5 27.R8e7 Rf7 28.Re8+ Rf8
29.R8e7 Rf7 30.bxa5 Bd7 31.Bc3 Kf8 32.R7e4 Re8 33.Be5 Ra8 34.Bc3 Re8 35.Kf2 Rfe7
36.Be5 Kf7 37.f4 Ra8 38.Bc3 Rxe4 39.Rxe4 Be6 40.Re2 h5 41.Rb2 Ra7 42.Ke3 Bf5
43.Kd4 Bd3 44.Ke5 Ke7 45.g4  1-0

[Event "ch-St Petersburg w"]
[Site "St Petersburg RUS"]
[Date "2006.05.17"]
[Round "5"]
[White "Bystryakova,E"]
[Black "Gromova,I"]
[Result "1-0"]
[WhiteElo "2191"]
[BlackElo "2195"]

1.d4 Nf6 2.Nf3 g6 3.c4 Bg7 4.Nc3 O-O 5.e4 d6 6.Be2 e5 7.Be3 Nc6 8.d5 Ne7
9.Nd2 Ne8 10.b4 f5 11.f3 a5 12.a3 Kh8 13.c5 fxe4 14.fxe4 axb4 15.axb4 Rxa1
16.Qxa1 Ng8 17.Nf3 Bh6 18.Bxh6 Nxh6 19.O-O Ng7 20.Nb5 Bd7 21.Qa7 Bxb5 22.Bxb5 Qc8
23.Ng5 Rxf1+ 24.Bxf1 Ne8 25.Ne6 Ng4 26.b5 Ngf6 27.c6 b6 28.Qb7 Qxb7 29.cxb7 Nd7
30.Nd8 Nef6 31.Nc6 Nxe4 32.b8=Q+ Nxb8 33.Nxb8 Nf6 34.Bc4 Kg7 35.Na6 Ne8 36.Kf2 Kf6
37.Ke3 Ke7 38.Be2 Nf6 39.Bf3 Kd8 40.Nb4 Ke7 41.Nd3 Ke8 42.Nf2 Kf7 43.Nh3 h6
44.Nf2 Kg7 45.Kd3 Kf7 46.Kc4 Ke7 47.Ng4 Ng8 48.h4 Kf7 49.Kd3 Kg7 50.Ne3 Nf6
51.Bg4 Kf7 52.Be6+ Ke7 53.Ng4 Nxg4 54.Bxg4 Kf6 55.Ke4 Kf7 56.Be6+ Kf6 57.Kf3 Kg7
58.Kg4 Kf6 59.Bc8 h5+ 60.Kf3 Kg7 61.g4 hxg4+ 62.Kxg4 Kf6 63.Be6 e4 64.Kf4 e3
65.Bg4 g5+ 66.hxg5+ Kg6 67.Be2  1-0

[Event "ch-UKR sf"]
[Site "Alushta UKR"]
[Date "2006.05.18"]
[Round "6"]
[White "Stolpovsky,S"]
[Black "Ljahovetsky,I"]
[Result "1-0"]
[WhiteElo "2105"]
[BlackElo "2040"]

1.d4 Nf6 2.c4 g6 3.Nc3 Bg7 4.e4 d6 5.Be2 O-O 6.Nf3 e5 7.d5 Nh5 8.O-O Nf4
9.Re1 Nxe2+ 10.Qxe2 f5 11.b4 Nd7 12.Ng5 Nf6 13.c5 h6 14.Ne6 Bxe6 15.dxe6 fxe4
16.Qb5 Ng4 17.h3 Qh4 18.Be3 Nxf2 19.Bxf2 Qxf2+ 20.Kh1 Qd4 21.Nxe4 d5 22.Rad1 Qb2
23.e7 Rfe8 24.Qxb7 dxe4 25.Qxa8 Rxa8 26.Rd8+ Rxd8 27.exd8=Q+ Kh7 28.Qd5 Qxb4
29.Rxe4 Qb1+ 30.Kh2 Qc1 31.c6 Qc2 32.Rg4 h5 33.Qe4 Qxe4 34.Rxe4 g5 35.Kg1 Kg6
36.Kf1 Kf5 37.Ra4 Ke6 38.Rxa7 Kd6 39.Ra6 h4 40.Ke2 Kd5 41.Ke3 Bf8 42.Kf3 e4+
43.Ke2 Bc5 44.a4 Bd6 45.a5 Kc5 46.Ra8 Kb5 47.Ke3 Bb4 48.a6 Bd6 49.Kxe4 Bf4
50.Kd5 Kb6 51.Ke4 Ka5 52.Kf3 Kb6 53.Kg4 Kc5 54.Kf5 Kb6 55.Ke6 Kxc6 56.Rb8 Be3
57.Kf5 Ba7 58.Rb3 Bb6 59.Kxg5 Bf2 60.Kg4 Kd7 61.Rb2  1-0

[Event "1st Magistral Espirito Sancto"]
[Site "Vitoria BRA"]
[Date "2006.05.18"]
[Round "5"]
[White "Souza Neves,A"]
[Black "Crosa,M"]
[Result "0-1"]
[WhiteElo "2207"]
[BlackElo "2449"]

1.d4 Nf6 2.Nf3 g6 3.c4 Bg7 4.Nc3 O-O 5.e4 d6 6.Be2 e5 7.d5 a5 8.Bg5 Na6 9.Nd2 h6
10.Be3 Nxe4 11.Ndxe4 f5 12.O-O fxe4 13.Nxe4 b6 14.Bd3 Qe8 15.Qd2 g5 16.h4 gxh4
17.Bxh6 Qg6 18.Bxg7 Qxg7 19.f4 Bf5 20.fxe5 Bxe4 21.Bxe4 Qxe5 22.Bf3 Qg7 23.Rae1 Nc5
24.Qe2 Rf4 25.Bh5 Qd4+ 26.Kh1 Raf8 27.Bg6 Rxf1+ 28.Rxf1 Rf6 29.Rxf6 Qxf6
30.Qg4 Kg7 31.Bf5+ Kh6 32.Kh2 Na4 33.b3 Nc3 34.a3 a4 35.b4 b5 36.cxb5 Nxd5
37.Kh3 Ne3 38.Qf4+ Qg5 39.Qxg5+ Kxg5 40.Bd3 d5 41.g3 hxg3 42.Kxg3 Nc4 43.Bc2 Nxa3
44.Bxa4 Kf5 45.Kf3 d4 46.Ke2 Ke4 47.Kd2 Nc4+ 48.Kc2 Nb6 49.Bb3 Nd5 50.Bxd5+ Kxd5
51.Kd3 Ke5 52.Kd2 Ke4 53.Ke2 d3+ 54.Kd2 Kd4 55.b6 cxb6 56.b5 Ke4  0-1

[Event "ch-UKR sf"]
[Site "Alushta UKR"]
[Date "2006.05.21"]
[Round "9"]
[White "Stolpovsky,S"]
[Black "Andreev,Vo"]
[Result "1-0"]
[WhiteElo "2105"]
[BlackElo "1943"]

1.d4 Nf6 2.c4 g6 3.Nc3 Bg7 4.e4 d6 5.Be2 O-O 6.Nf3 e5 7.d5 a5 8.O-O Na6 9.Qc2 Nh5
10.Bg5 f6 11.Bd2 f5 12.Ne1 Nf6 13.a3 Nc5 14.f3 c6 15.Nd3 Nxd3 16.Bxd3 Qb6+
17.Kh1 f4 18.b4 axb4 19.axb4 Bd7 20.Rfb1 Nh5 21.c5 dxc5 22.Na4 Qd8 23.dxc6 Bxc6
24.b5 Be8 25.Nxc5 Rxa1 26.Rxa1 Ng3+ 27.hxg3 fxg3 28.Be3 Rf4 29.Ne6 Qh4+ 30.Kg1 Qh2+
31.Kf1 Qh1+ 32.Bg1 Bd7 33.Nxf4 exf4 34.Qc4+ Kf8 35.Qc5+ Kf7 36.Bc4+ Kf6 37.e5+  1-0

[Event "3rd All-China Games"]
[Site "Suzhou CHN"]
[Date "2006.05.21"]
[Round "3"]
[White "Liang Chong"]
[Black "Wang Yaoyao"]
[Result "1-0"]
[WhiteElo "2514"]
[BlackElo "2434"]

1.d4 Nf6 2.c4 g6 3.Nc3 Bg7 4.e4 d6 5.Nf3 O-O 6.Be2 e5 7.O-O Na6 8.Re1 Bg4
9.d5 Nc5 10.Nd2 Nd3 11.f3 Nxc1 12.fxg4 Nxe2+ 13.Qxe2 Bh6 14.Nf1 Nd7 15.Rad1 a6
16.Rd3 Kh8 17.Rf3 Qg5 18.Rf2 Nf6 19.h3 Bg7 20.Nh2 h5 21.g3 hxg4 22.h4 Qh5
23.Ref1 Ne8 24.Rxf7 Rxf7 25.Rxf7 Kg8 26.Rd7 Nf6 27.Rxc7 g5 28.hxg5 Qxg5 29.c5 dxc5
30.d6 b5 31.a4 b4 32.Nd1 Rd8 33.Ne3 Rxd6 34.Nf5 Rd7 35.Rxd7 Nxd7 36.Qxa6 Nf6
37.Qc4+ Kh7 38.Nf1 Qg6 39.a5 Qe8 40.a6 Qd7 41.Nxg7 Kxg7 42.Qxc5 Nxe4 43.Qxe5+ Nf6
44.Ne3 Qa7 45.Qe6 Kg6 46.Kh2 Qc5 47.Nxg4  1-0

[Event "3rd All-China Games"]
[Site "Suzhou CHN"]
[Date "2006.05.21"]
[Round "3"]
[White "Tan Zhongyi"]
[Black "Lin Chen"]
[Result "0-1"]
[WhiteElo "2276"]
[BlackElo "2361"]

1.d4 Nf6 2.c4 g6 3.Nc3 Bg7 4.e4 d6 5.Nf3 O-O 6.Be2 Nbd7 7.O-O e5 8.Be3 c6
9.Qc2 Ng4 10.Bg5 f6 11.Bd2 f5 12.exf5 exd4 13.Ne4 Nde5 14.Nxe5 Nxe5 15.Bg5 Qc7
16.f6 Bh8 17.Qd2 c5 18.f4 Ng4 19.f5 d5 20.Ng3 Nxf6 21.cxd5 Bxf5 22.Nxf5 gxf5
23.d6 Qxd6 24.Rxf5 Bg7 25.Raf1 Ne4 26.Bc4+ Kh8 27.Qe2 Nxg5 28.Rxg5 Rae8 29.Qg4 Rxf1+
30.Bxf1 Qe7 31.Qh5 d3 32.Rd5 Qe3+ 33.Kh1 Bd4  0-1

[Event "37th Olympiad w"]
[Site "Turin ITA"]
[Date "2006.05.21"]
[Round "1"]
[White "Melnik,G"]
[Black "Zawadzka,J"]
[Result "0-1"]
[WhiteElo "2079"]
[BlackElo "2389"]

1.d4 Nf6 2.Nf3 g6 3.c4 Bg7 4.Nc3 O-O 5.e4 d6 6.Be2 e5 7.d5 a5 8.O-O Na6 9.b3 Nc5
10.Qc2 Nfd7 11.Nd2 f5 12.f3 c6 13.Rb1 Bh6 14.a3 Nf6 15.b4 axb4 16.axb4 Ncd7
17.Kh1 Nh5 18.g3 Ndf6 19.Nb3 Bxc1 20.Qxc1 cxd5 21.cxd5 Bd7 22.Na5 Rc8 23.Qd2 Qc7
24.Rfc1 Qb6 25.Bd3 fxe4 26.Nxe4 Nxe4 27.Bxe4 Nf6 28.Kg2 Rxc1 29.Rxc1 Nxe4
30.fxe4 Bg4 31.Re1 Bf3+ 32.Kh3 Qd8 33.g4 Rf4 34.Rg1 Qg5  0-1

[Event "37th Olympiad w"]
[Site "Turin ITA"]
[Date "2006.05.21"]
[Round "1"]
[White "Lopang,T"]
[Black "Gilbert,Je"]
[Result "0-1"]
[WhiteElo "1909"]
[BlackElo "2144"]

1.Nf3 g6 2.d4 Bg7 3.c4 d6 4.Nc3 Nf6 5.e4 O-O 6.Be2 e5 7.d5 a5 8.a3 Na6 9.Be3 h6
10.O-O Bd7 11.h3 Nh5 12.Qc1 Nc5 13.Bd1 Nf4 14.Bxc5 dxc5 15.Qe3 b6 16.Bc2 h5
17.Kh2 Kh7 18.Rad1 Bh6 19.Qe1 Nxg2 20.Kxg2 Bxh3+ 21.Kxh3 Qd7+ 22.Kh2 Bf4+
23.Kh1 Qh3+ 24.Kg1 Qg4+ 25.Kh1 Qxf3+ 26.Kg1 Qg4+  0-1